| 000 | 01251nam a2200301 i 4500 | ||
|---|---|---|---|
| 003 | EG-ScBUE | ||
| 005 | 20231212105716.0 | ||
| 008 | 110907s1998 ua b f b 000 0 ara d | ||
| 017 | _a98 / 14825 | ||
| 020 | _a9775024196 | ||
| 040 |
_aEG-ScBUE _bara _erda _cEG-ScBUE _dEG-ScBUE |
||
| 043 |
_aawba--- _aawgz--- _aa-is--- |
||
| 082 | 0 | 4 |
_222 _a956.94 _bب د ي |
| 100 | 1 |
_927044 _aبديري، هند أمين، _eمؤلف. |
|
| 245 | 1 | 0 |
_aأراضي فلسطين : _bبين مزاعم الصهيونية وحقائق التاريخ / _cد. هند أمين البديري. |
| 264 | 1 |
_aالقاهرة : _bالأمانة العامة لجامعة الدول العربية، _c[1998] |
|
| 300 |
_a544 صفحة : _bخرائط ؛ _c24 سم. |
||
| 336 |
_2rdacontent _aنص _btxt |
||
| 337 |
_aبدون وسيط _2rdamedia _bn |
||
| 338 |
_aمجلد _bnc _2rdacarrier |
||
| 490 | 0 | _aدراسة وثائقية | |
| 504 | _aيشتمل على إرجاعات ببليوجرافية. | ||
| 650 | 7 |
_98530 _aالقضية الفلسطينية. _2BUEsh |
|
| 650 | 7 |
_915086 _aالصهيونية. _2BUEsh |
|
| 651 | 7 |
_aفلسطين _xتاريخ _yالعصر الحديث _yالاحتلال الصهيوني. _2BUEsh |
|
| 655 | _vReading book | ||
| 942 |
_2ddc _cBB |
||
| 999 |
_c15969 _d15969 |
||